Culture G Aléatoire - Statistiques

Statistiques générales
  • Ce quiz a été pris 92 fois
  • Le résultat moyen est 2 sur 7
Statistiques - réponses
Hint Réponse % Correct
Quel est le plus long mot de la langue française ? "Anticonstitutionnellement"
90%
Quel bipède est le plus rapide sur Terre ? Autruche
67%
Quel est le plus grand désert du monde ? Antarctique
63%
Quel est le meilleur marqueur d'essais de l'histoire du XV de France? Penaud
23%
Quel nom est connu comme le "nom de famille de la honte", suite à son association à la prostitution au cours des générations ? Hourdel
1%
Quel animal tue le plus d'humains chaque année ? La grosse daronne de Killian
0%
Combien de continents y a-t-il sur Terre ? six ou sept, ça dépend de ce qu'on compte
0%
Aucun quiz correspondant
Distribution des résultats
% des personnes avec chaque résultat
Percentile par nombre de réponses
Votre historique - résultats
Vous n’avez pas pris ce quiz